[Event "Berlin-ch Seniors op 35th"]
[Site "Berlin"]
[Date "2019.02.05"]
[Round "7"]
[White "Beran, Rolf Dietrich"]
[Black "Kollberg, Lothar"]
[Result "1/2-1/2"]
[WhiteElo "1926"]
[BlackElo "2070"]
[PlyCount "62"]
[EventDate "2019.01.29"]
[EventType "swiss"]
[EventRounds "9"]
[EventCountry "GER"]
[SourceTitle "CBM 189 Extra"]
[Source "ChessBase"]
[SourceDate "2019.06.03"]
[SourceVersion "1"]
[SourceVersionDate "2019.06.03"]
[SourceQuality "1"]

1. c4 g6 2. g3 Bg7 3. Bg2 c5 4. Nc3 Nc6 5. d3 e5 6. e4 Nge7 7. Nge2 d6 8. 0-0 Be6 9. Nd5 0-0 10. Rb1 Qd7 11. Bh6 Nxd5 12. Bxg7 Ne3 13. Qc1 Kxg7 14. Qxe3 Rab8 15. f4 f6 16. a3 Nd4 17. Nxd4 cxd4 18. Qd2 b5 19. cxb5 Qxb5 20. b4 Rbc8 21. Rfc1 Qa6 22. Bf1 Qxa3 23. Ra1 Qb3 24. Rxa7+ Rf7 25. Rxf7+ Kxf7 26. Rxc8 Bxc8 27. Kf2 Be6 28. Be2 Qb1 29. f5 gxf5 30. Qh6 fxe4 31. Qxh7+ Kf8 1/2-1/2

[Event "Baden Wuerttemberg-ch Seniors op 4th"]
[Site "Freudenstadt"]
[Date "2018.06.19"]
[Round "5"]
[White "Limberg, Siegfried"]
[Black "Kollberg, Lothar"]
[Result "1/2-1/2"]
[WhiteElo "2034"]
[BlackElo "2107"]
[PlyCount "36"]
[EventDate "2018.06.15"]
[EventType "swiss"]
[EventRounds "9"]
[EventCountry "GER"]
[SourceTitle "EXT 2019"]
[Source "ChessBase"]
[SourceDate "2018.10.10"]
[SourceVersion "1"]
[SourceVersionDate "2018.10.10"]
[SourceQuality "1"]

1. d4 g6 2. Nf3 Bg7 3. Bg5 Nf6 4. Nbd2 d5 5. e3 0-0 6. h3 c5 7. c3 b6 8. Be2 Ba6 9. 0-0 Qc8 10. Re1 h6 11. Bf4 Nc6 12. Ne5 Bxe2 13. Qxe2 Nd7 14. Nxd7 Qxd7 15. Nf3 Rfc8 16. Rad1 cxd4 17. exd4 e6 18. Ne5 Nxe5 1/2-1/2

[Event "Baden Wuerttemberg-ch Seniors op 3rd"]
[Site "Freudenstadt"]
[Date "2017.07.03"]
[Round "4"]
[White "Braeuner, Uwe"]
[Black "Kollberg, Lothar"]
[Result "0-1"]
[WhiteElo "2184"]
[BlackElo "2092"]
[PlyCount "89"]
[EventDate "2017.06.30"]
[EventType "swiss"]
[EventRounds "9"]
[EventCountry "GER"]
[SourceTitle "EXT 2019"]
[Source "ChessBase"]
[SourceDate "2018.10.10"]
[SourceVersion "1"]
[SourceVersionDate "2018.10.10"]
[SourceQuality "1"]

1. d4 g6 2. e4 Bg7 3. c4 d6 4. Nc3 Nf6 5. f3 0-0 6. Bg5 c5 7. Nge2 cxd4 8. Nxd4 Nc6 9. Be2 Nxd4 10. Qxd4 Be6 11. Qd2 Qa5 12. 0-0 Bxc4 13. Bxc4 Qc5+ 14. Be3 Qxc4 15. Qf2 b6 16. Rac1 Qe6 17. b3 Rfc8 18. Nb5 Qd7 19. a4 a6 20. Na3 b5 21. a5 Rxc1 22. Rxc1 Rc8 23. Rxc8+ Qxc8 24. Qc2 Qb7 25. Qd3 d5 26. e5 Nd7 27. f4 e6 28. Nc2 f6 29. exf6 Bxf6 30. Bd4 Qc7 31. g3 Qxa5 32. Qe3 Bxd4 33. Nxd4 Qb6 34. Qxe6+ Qxe6 35. Nxe6 a5 36. Nc7 b4 37. Nxd5 Nc5 38. Ne7+ Kf7 39. Nc6 Nxb3 40. Kf2 Ke6 41. Ke3 Kd5 42. Ne5 Nc5 43. g4 a4 44. Kd2 a3 45. Kc2 0-1

[Event "Rheinland Pfalz op Seniors 14th"]
[Site "Neustadt an der Weinstrasse"]
[Date "2016.07.21"]
[Round "6"]
[White "Ackermann, Hans Werner"]
[Black "Kollberg, Lothar"]
[Result "1-0"]
[WhiteElo "2339"]
[BlackElo "2116"]
[PlyCount "69"]
[EventDate "2016.07.16"]
[EventType "swiss"]
[EventRounds "9"]
[EventCountry "GER"]
[SourceTitle "EXT 2019"]
[Source "ChessBase"]
[SourceDate "2018.10.10"]
[SourceVersion "1"]
[SourceVersionDate "2018.10.10"]
[SourceQuality "1"]

1. Nf3 g6 2. g3 Bg7 3. Bg2 Nf6 4. b3 Ne4 5. d4 d5 6. Bb2 c6 7. 0-0 0-0 8. c4 Bf5 9. Qc1 dxc4 10. bxc4 Qb6 11. Ne5 h5 12. c5 Qc7 13. f3 Nf6 14. e4 Be6 15. Na3 Nfd7 16. Nd3 Rd8 17. Rd1 b6 18. Bf1 bxc5 19. dxc5 Bxb2 20. Qxb2 Na6 21. Qc3 Rab8 22. Rdc1 Rb7 23. Nc2 Rb5 24. Nd4 Ra5 25. Nxc6 Qxc6 26. Qxa5 Rc8 27. Rc3 g5 28. Rac1 Nc7 29. Nb4 Qb7 30. a4 Ne5 31. c6 Qb6+ 32. Qxb6 axb6 33. f4 gxf4 34. gxf4 Ng4 35. f5 1-0

[Event "Rheinland Pfalz op Seniors 14th"]
[Site "Neustadt an der Weinstrasse"]
[Date "2016.07.19"]
[Round "4"]
[White "Dushatskiy, Fedor"]
[Black "Kollberg, Lothar"]
[Result "1/2-1/2"]
[WhiteElo "2178"]
[BlackElo "2116"]
[PlyCount "37"]
[EventDate "2016.07.16"]
[EventType "swiss"]
[EventRounds "9"]
[EventCountry "GER"]
[SourceTitle "EXT 2019"]
[Source "ChessBase"]
[SourceDate "2018.10.10"]
[SourceVersion "1"]
[SourceVersionDate "2018.10.10"]
[SourceQuality "1"]

1. d4 g6 2. c4 Bg7 3. Nf3 Nf6 4. Nc3 0-0 5. Bg5 h6 6. Bh4 d6 7. e3 Nbd7 8. Qc2 c6 9. Rd1 Qe8 10. Be2 e5 11. dxe5 dxe5 12. Nd2 Qe7 13. 0-0 a5 14. Na4 Nc5 15. Bxf6 Bxf6 16. Nxc5 Qxc5 17. Ne4 Qe7 18. c5 Bg7 19. Nd6 1/2-1/2

[Event "Rheinland Pfalz op Seniors 14th"]
[Site "Neustadt an der Weinstrasse"]
[Date "2016.07.17"]
[Round "2"]
[White "Kollberg, Lothar"]
[Black "Fey, Karl Heinz"]
[Result "1-0"]
[WhiteElo "2116"]
[BlackElo "1335"]
[PlyCount "91"]
[EventDate "2016.07.16"]
[EventType "swiss"]
[EventRounds "9"]
[EventCountry "GER"]
[SourceTitle "EXT 2019"]
[Source "ChessBase"]
[SourceDate "2018.10.10"]
[SourceVersion "1"]
[SourceVersionDate "2018.10.10"]
[SourceQuality "1"]

1. d4 Nf6 2. c4 e6 3. Nc3 Bb4 4. e3 Bxc3+ 5. bxc3 0-0 6. Bd3 b6 7. e4 h6 8. Nf3 Bb7 9. Qe2 d6 10. a4 a5 11. 0-0 c5 12. Rd1 Nbd7 13. e5 Bxf3 14. gxf3 Ne8 15. Be4 Ra7 16. Bf4 g5 17. Bg3 dxe5 18. dxc5 bxc5 19. Bxe5 f6 20. Bd6 Rf7 21. Bxc5 Ra6 22. Bb7 Qc7 23. Bxa6 Nxc5 24. Bb5 Nd6 25. Ra2 f5 26. Rad2 Nxb5 27. Rd8+ Rf8 28. Rxf8+ Kxf8 29. cxb5 Kf7 30. Qc4 Qb6 31. Qd4 Qc7 32. Qd6 Qxd6 33. Rxd6 Nxa4 34. b6 Nxb6 35. Rxb6 Kf6 36. Kf1 a4 37. Ke2 a3 38. Ra6 g4 39. Rxa3 gxf3+ 40. Kxf3 Kg5 41. Ra6 e5 42. c4 h5 43. Re6 e4+ 44. Kg2 h4 45. h3 f4 46. Re5+ 1-0

[Event "Berlin-ch Seniors op 32nd"]
[Site "Berlin"]
[Date "2016.02.04"]
[Round "9"]
[White "Kollberg, Lothar"]
[Black "Kievelitz, Bernd"]
[Result "1/2-1/2"]
[WhiteElo "2134"]
[BlackElo "1890"]
[PlyCount "212"]
[EventDate "2016.01.26"]
[EventType "swiss"]
[EventRounds "9"]
[EventCountry "GER"]
[SourceTitle "EXT 2019"]
[Source "ChessBase"]
[SourceDate "2018.10.10"]
[SourceVersion "1"]
[SourceVersionDate "2018.10.10"]
[SourceQuality "1"]

1. d4 Nf6 2. c4 e6 3. Nc3 Bb4 4. e3 0-0 5. Bd3 d5 6. Nf3 c5 7. 0-0 dxc4 8. Bxc4 Nbd7 9. Qe2 cxd4 10. exd4 a6 11. Rd1 Bxc3 12. bxc3 b5 13. Bd3 Bb7 14. a4 bxa4 15. Rxa4 a5 16. Bg5 h6 17. Bh4 Bc6 18. Ra3 Qc7 19. Bg3 Qa7 20. c4 Rfe8 21. Bd6 a4 22. h3 Kh8 23. Bc2 Qa5 24. g4 Ra6 25. Ne5 Nxe5 26. Bxe5 Nh7 27. h4 f6 28. Qd3 Nf8 29. Bd6 f5 30. Bxf8 Rxf8 31. f3 Qc7 32. Kg2 g6 33. Qe3 fxg4 34. Qxh6+ Kg8 35. Qxg6+ Qg7 36. Qxg7+ Kxg7 37. d5 exd5 38. cxd5 gxf3+ 39. Rxf3 Rxf3 40. Kxf3 Be8 41. Ke3 a3 42. Ra1 Bf7 43. Kd4 Rh6 44. Rxa3 Rxh4+ 45. Kc5 Bxd5 46. Kxd5 Rh2 47. Be4 Kf6 48. Ra6+ Ke7 49. Kc4 Rd2 50. Re6+ Kd7 51. Rh6 Kc7 52. Bd5 Rc2+ 53. Kd4 Rd2+ 54. Kc5 Rc2+ 55. Bc4 Kd7 56. Rh7+ Ke8 57. Kd5 Kf8 58. Ra7 Rc1 59. Kd4 Rd1+ 60. Ke5 Ke8 61. Bd5 Re1+ 62. Kd6 Kf8 63. Rf7+ Ke8 64. Rh7 Kd8 65. Rd7+ Ke8 66. Ra7 Kf8 67. Ra8+ Kg7 68. Be6 Kf6 69. Rf8+ Kg5 70. Ke7 Ra1 71. Rf5+ Kh4 72. Kf6 Kg3 73. Bd5 Ra4 74. Ke5 Kg4 75. Rf1 Kg3 76. Rf3+ Kg4 77. Rf1 Kg5 78. Rf5+ Kg4 79. Rf8 Kg3 80. Be4 Ra5+ 81. Kd4 Ra4+ 82. Ke3 Ra3+ 83. Bd3 Kg4 84. Rg8+ Kh5 85. Ke4 Ra4+ 86. Kf5 Ra5+ 87. Kf4 Kh6 88. Rg6+ Kh5 89. Rg1 Kh6 90. Bf5 Ra4+ 91. Ke5 Kh5 92. Kf6 Ra6+ 93. Ke5 Ra5+ 94. Kf4 Ra4+ 95. Be4 Kh6 96. Rh1+ Kg7 97. Ke5 Ra5+ 98. Bd5 Kg6 99. Rg1+ Kh5 100. Ke4 Kh6 101. Rh1+ Kg7 102. Ke5 Kg6 103. Rg1+ Kh6 104. Ke4 Kh7 105. Be6 Kh6 106. Bf5 Ra4+ 1/2-1/2

[Event "Berlin-ch Seniors op 32nd"]
[Site "Berlin"]
[Date "2016.01.28"]
[Round "3"]
[White "Kollberg, Lothar"]
[Black "Allgaier, Erik"]
[Result "1-0"]
[WhiteElo "2134"]
[BlackElo "2012"]
[PlyCount "89"]
[EventDate "2016.01.26"]
[EventType "swiss"]
[EventRounds "9"]
[EventCountry "GER"]
[SourceTitle "EXT 2019"]
[Source "ChessBase"]
[SourceDate "2018.10.10"]
[SourceVersion "1"]
[SourceVersionDate "2018.10.10"]
[SourceQuality "1"]

1. d4 g6 2. c4 d6 3. Nf3 Bg7 4. g3 e5 5. dxe5 dxe5 6. Qxd8+ Kxd8 7. Nc3 f6 8. b3 Be6 9. Ba3 Nh6 10. Rd1+ Nd7 11. Bg2 Nf7 12. Na4 Kc8 13. e4 Bf8 14. Bxf8 Rxf8 15. 0-0 a5 16. h3 Ra6 17. c5 Rd8 18. Rfe1 Nb8 19. Bf1 Ra8 20. Kg2 Nc6 21. Nc3 Nb4 22. Rxd8+ Nxd8 23. Rc1 a4 24. a3 Nbc6 25. b4 Bb3 26. Nd2 Ne6 27. Bc4 Ned4 28. Rb1 Bxc4 29. Nxc4 Ne7 30. f4 exf4 31. gxf4 Ne6 32. Kg3 Kd8 33. Rd1+ Ke8 34. Nd5 Nxd5 35. exd5 Ng7 36. Kf3 Nf5 37. Na5 Rb8 38. b5 Ke7 39. Re1+ Kd8 40. Re4 Nh4+ 41. Kf2 Kd7 42. Nxb7 Rf8 43. c6+ Kc8 44. Rxa4 Kb8 45. Nc5 1-0

[Event "Berlin-ch Seniors op 32nd"]
[Site "Berlin"]
[Date "2016.01.26"]
[Round "1"]
[White "Kollberg, Lothar"]
[Black "Bluhm, Robert"]
[Result "1-0"]
[WhiteElo "2134"]
[BlackElo "1785"]
[PlyCount "67"]
[EventDate "2016.01.26"]
[EventType "swiss"]
[EventRounds "9"]
[EventCountry "GER"]
[SourceTitle "EXT 2019"]
[Source "ChessBase"]
[SourceDate "2018.10.10"]
[SourceVersion "1"]
[SourceVersionDate "2018.10.10"]
[SourceQuality "1"]

1. d4 d5 2. c4 e6 3. Nc3 c6 4. e3 f5 5. f4 Nf6 6. Nf3 Bd6 7. Bd3 0-0 8. 0-0 Ne4 9. Bd2 Nd7 10. Be1 Ndf6 11. Bh4 Be7 12. Ne5 Bd7 13. Rb1 a5 14. a3 Be8 15. c5 Bh5 16. Qc2 Nxc3 17. bxc3 Qc7 18. Rb6 Ne4 19. Bxe7 Qxe7 20. Rfb1 Ra7 21. c4 Rc8 22. g4 Bf7 23. Qg2 Nc3 24. Rf1 Ne4 25. Kh1 Kh8 26. Rg1 g6 27. cxd5 cxd5 28. gxf5 exf5 29. Rb2 Be8 30. Qh3 Qf6 31. Bxe4 dxe4 32. Rb6 Rc6 33. Nxc6 bxc6 34. Rb8 1-0

[Event "GER-chT Seniors 24th"]
[Site "Berlin"]
[Date "2015.09.11"]
[Round "6.2"]
[White "Kollberg, Lothar"]
[Black "Kracht, Helmut"]
[Result "1-0"]
[WhiteElo "2099"]
[BlackElo "2039"]
[PlyCount "117"]
[EventDate "2015.09.06"]
[EventType "team-swiss"]
[EventRounds "7"]
[EventCountry "GER"]
[SourceTitle "EXT 2018"]
[Source "ChessBase"]
[SourceDate "2017.10.13"]
[SourceVersion "1"]
[SourceVersionDate "2017.10.13"]
[SourceQuality "1"]

1. d4 Nf6 2. c4 e6 3. Nc3 Bb4 4. e3 c5 5. Bd3 Nc6 6. Nf3 d5 7. 0-0 Bxc3 8. bxc3 0-0 9. a4 dxc4 10. Bxc4 Qc7 11. Ba3 Na5 12. Bd3 b6 13. e4 Bb7 14. Qe2 Rfe8 15. Rab1 Rad8 16. Rfe1 Bc6 17. Bc2 cxd4 18. cxd4 Qd7 19. Red1 Qb7 20. Re1 Qc7 21. Rbc1 Qd7 22. Ra1 Qc7 23. Bb2 Qf4 24. Ne5 Qh4 25. Nxc6 Nxc6 26. Rad1 Nb4 27. Bb1 Rc8 28. Rc1 h6 29. g3 Qh3 30. f3 h5 31. Qf1 Qxf1+ 32. Kxf1 Red8 33. Ke2 Nc6 34. Ke3 Na5 35. Ba2 Nc6 36. Rc4 Na5 37. Rxc8 Rxc8 38. Rc1 Rxc1 39. Bxc1 Kf8 40. Ba3+ Ke8 41. d5 exd5 42. exd5 Nb7 43. Kd4 Nd7 44. Bc4 Ndc5 45. Bxc5 Nxc5 46. d6 Kd7 47. Kd5 a6 48. a5 Nb7 49. axb6 Nxd6 50. Bxa6 Nf5 51. Bb5+ Kc8 52. Bd3 Ne7+ 53. Kd6 Ng8 54. Be4 Nf6 55. Bc6 Ng8 56. Bd5 Nh6 57. Ke7 f6 58. Kf8 Kb8 59. Be6 1-0

[Event "Berlin-ch Seniors op 31st"]
[Site "Berlin"]
[Date "2015.02.04"]
[Round "6"]
[White "Herrmann, Eberhard"]
[Black "Kollberg, Lothar"]
[Result "0-1"]
[WhiteElo "1713"]
[BlackElo "1947"]
[PlyCount "36"]
[EventDate "2015.01.29"]
[EventType "swiss"]
[EventRounds "9"]
[EventCountry "GER"]
[SourceTitle "EXT 2018"]
[Source "ChessBase"]
[SourceDate "2017.10.13"]
[SourceVersion "1"]
[SourceVersionDate "2017.10.13"]
[SourceQuality "1"]

1. e4 g6 2. d4 Bg7 3. c3 d6 4. Bd3 e5 5. Ne2 Nf6 6. d5 0-0 7. 0-0 Nbd7 8. Ng3 c6 9. c4 Nc5 10. Bc2 a5 11. Nc3 cxd5 12. cxd5 Bd7 13. f4 Ng4 14. h3 exf4 15. hxg4 fxg3 16. Qf3 Qh4 17. Re1 Bxc3 18. bxc3 Bb5 0-1

[Event "Berlin Werner Ott op"]
[Site "Berlin"]
[Date "2014.07.10"]
[Round "6"]
[White "Kollberg, Lothar"]
[Black "Sidabras, Jonas"]
[Result "1-0"]
[WhiteElo "2177"]
[BlackElo "1707"]
[PlyCount "81"]
[EventDate "2014.07.05"]
[EventType "swiss"]
[EventRounds "9"]
[EventCountry "GER"]
[SourceTitle "CBM 161 Extra"]
[Source "ChessBase"]
[SourceDate "2014.08.29"]
[SourceVersion "1"]
[SourceVersionDate "2014.08.29"]
[SourceQuality "1"]

1. d4 d6 2. Nf3 Bg4 3. g3 Bxf3 4. exf3 e6 5. f4 d5 6. Bg2 c5 7. dxc5 Bxc5 8. c4 Nf6 9. Nc3 Bb4 10. 0-0 0-0 11. cxd5 Bxc3 12. bxc3 exd5 13. c4 Nbd7 14. cxd5 Nb6 15. d6 Qd7 16. Qd3 Rad8 17. Rd1 Rfe8 18. Bb2 Nc8 19. Ba3 h5 20. Rac1 Qe6 21. Bxb7 Nb6 22. f5 Qe5 23. h4 Ng4 24. Rc2 Qa5 25. Kg2 Re5 26. Bc1 Rxf5 27. Be4 Re5 28. Bf4 Rc5 29. Rxc5 Qxc5 30. Qd4 Qa3 31. Rd2 Nd7 32. Bf3 Ndf6 33. Bg5 Qc1 34. Bxg4 hxg4 35. Bxf6 gxf6 36. Qxg4+ Kf8 37. Qf4 Qc6+ 38. Kh2 Re8 39. Qxf6 Kg8 40. d7 Re1 41. d8Q+ 1-0

[Event "Berlin-ch Seniors op 30th"]
[Site "Berlin"]
[Date "2014.02.03"]
[Round "5"]
[White "Kollberg, Lothar"]
[Black "Hiller, Bernd"]
[Result "1-0"]
[WhiteElo "2037"]
[BlackElo "1762"]
[PlyCount "67"]
[EventDate "2014.01.30"]
[EventType "swiss"]
[EventRounds "9"]
[EventCountry "GER"]
[SourceTitle "EXT 2018"]
[Source "ChessBase"]
[SourceDate "2017.10.13"]
[SourceVersion "1"]
[SourceVersionDate "2017.10.13"]
[SourceQuality "1"]

1. d4 d5 2. Nf3 Nc6 3. c4 e5 4. dxe5 d4 5. g3 Bg4 6. Bg2 Qd7 7. 0-0 0-0-0 8. Qb3 h5 9. h3 Bxh3 10. e6 Bxe6 11. Ne5 Qe8 12. Nxc6 bxc6 13. Qa4 Ne7 14. Qxa7 Bxc4 15. Rd1 Bd5 16. Bf4 Rd6 17. Bxd6 cxd6 18. Rxd4 Bxg2 19. Rb4 Kd8 20. Qa5+ Kd7 21. Rb7+ Ke6 22. Kxg2 h4 23. Qg5 h3+ 24. Kh2 f6 25. Qe3+ Kf7 26. Nd2 Kg8 27. Qe6+ Kh7 28. Ne4 c5 29. Rg1 Qc6 30. Rxe7 Bxe7 31. Qxe7 Kg6 32. Nxd6 Qb6 33. Qf7+ Kh6 34. Nf5+ 1-0

[Event "Berlin Lichtenberger op 12th"]
[Site "Berlin"]
[Date "2013.08.24"]
[Round "8"]
[White "Kollberg, Lothar"]
[Black "Kather, Yannick"]
[Result "1/2-1/2"]
[WhiteElo "2214"]
[BlackElo "1943"]
[PlyCount "130"]
[EventDate "2013.08.17"]
[EventType "swiss"]
[EventRounds "9"]
[EventCountry "GER"]
[SourceTitle "CBM 156 Extra"]
[Source "ChessBase"]
[SourceDate "2013.10.22"]
[SourceVersion "1"]
[SourceVersionDate "2013.10.22"]
[SourceQuality "1"]

1. d4 Nf6 2. c4 g6 3. g3 c6 4. Bg2 d5 5. Nf3 Bg7 6. 0-0 0-0 7. Qa4 Nbd7 8. cxd5 cxd5 9. Nc3 Nb6 10. Qd1 Ne4 11. Nxe4 dxe4 12. Nd2 f5 13. Nb3 Nd5 14. Bf4 Nxf4 15. gxf4 b6 16. e3 Ba6 17. Re1 Rc8 18. Nd2 e6 19. Qa4 Bd3 20. Rac1 Qe7 21. f3 g5 22. fxe4 gxf4 23. Qb3 fxe4 24. Rxc8 Rxc8 25. Bxe4 fxe3 26. Qxd3 Qg5+ 27. Kh1 exd2 28. Rd1 Rc1 29. Bf3 Rxd1+ 30. Bxd1 Qd5+ 31. Bf3 Qxd4 32. Qb3 Qd6 33. Bg4 Qd5+ 34. Qxd5 exd5 35. b3 Be5 36. Kg2 Kg7 37. h4 Kf6 38. Kf1 Bf4 39. Ke2 Ke5 40. Kd3 h6 41. Bf3 Kd6 42. Kd4 Bg3 43. h5 Bf4 44. a4 a6 45. Bd1 b5 46. axb5 axb5 47. Be2 b4 48. Bf3 Bg5 49. Be2 Bf6+ 50. Kd3 Bc3 51. Bd1 Ke5 52. Bf3 Kf4 53. Bd1 Kg3 54. Ke2 Kg2 55. Bc2 Kg3 56. Bd1 Kg4 57. Kd3+ Kg5 58. Bf3 Kf4 59. Bd1 d4 60. Ke2 Kg3 61. Bc2 Kg4 62. Bg6 Kg5 63. Be8 d3+ 64. Kd1 Kf6 65. Bg6 Ke5 1/2-1/2

[Event "Berlin Lichtenberger op 12th"]
[Site "Berlin"]
[Date "2013.08.18"]
[Round "2"]
[White "Kollberg, Lothar"]
[Black "Reiche, Andreas"]
[Result "1/2-1/2"]
[WhiteElo "2214"]
[BlackElo "1940"]
[PlyCount "145"]
[EventDate "2013.08.17"]
[EventType "swiss"]
[EventRounds "9"]
[EventCountry "GER"]
[SourceTitle "CBM 156 Extra"]
[Source "ChessBase"]
[SourceDate "2013.10.22"]
[SourceVersion "1"]
[SourceVersionDate "2013.10.22"]
[SourceQuality "1"]

1. d4 Nf6 2. c4 c5 3. d5 b5 4. cxb5 Qa5+ 5. Nc3 Ne4 6. Bd2 Nxd2 7. Qxd2 d6 8. e4 a6 9. bxa6 Bxa6 10. Bxa6 Rxa6 11. Nge2 g6 12. 0-0 Bg7 13. b3 0-0 14. Rad1 Nd7 15. Na4 Qb5 16. Rc1 Rb8 17. Rfd1 Qb7 18. h3 Rba8 19. Rc2 Qa7 20. Kh2 Rb8 21. Qe3 Rb4 22. f4 Qb8 23. Qd3 Ra8 24. g3 Qa7 25. Kg2 Rab8 26. Rdc1 Qa8 27. Rc4 Qa6 28. Qf3 Rxc4 29. Rxc4 Nb6 30. Nxb6 Rxb6 31. Ra4 Qb7 32. Qd3 h6 33. Rc4 Qa6 34. Qc2 Qb7 35. Nc1 Ra6 36. Qd2 Ra3 37. Ne2 Qa8 38. Rc2 e6 39. Kf2 exd5 40. exd5 Qe8 41. Qe3 Qd7 42. g4 Qa7 43. Qe8+ Kh7 44. Nc1 Qb7 45. Qe4 Qd7 46. Re2 Qa7 47. Kg2 Qb7 48. f5 Qb8 49. fxg6+ fxg6 50. Nd3 Qg8 51. Nf4 Be5 52. Ne6 Ra7 53. Nxc5 Ra5 54. b4 Ra3 55. Ne6 Rg3+ 56. Kf1 Rxh3 57. Rf2 Qe8 58. a4 Qxa4 59. Nf8+ Kh8 60. Nxg6+ Kg7 61. Re2 Qd1+ 62. Re1 Rf3+ 63. Kg2 Rg3+ 64. Kf2 Rxg4 65. Rxd1 Rxe4 66. Nxe5 Rxe5 67. b5 Re7 68. Kf3 Kf6 69. Kf4 Ra7 70. Re1 Ra4+ 71. Kf3 Rb4 72. Re6+ Kf5 73. Rxd6 1/2-1/2

[Event "SH-ch Seniors op"]
[Site "Eckernfoerde"]
[Date "2012.10.01"]
[Round "3.4"]
[White "Gerhards, Walter"]
[Black "Kollberg, Lothar"]
[Result "0-1"]
[WhiteElo "1968"]
[BlackElo "2219"]
[PlyCount "80"]
[EventDate "2012.09.29"]
[EventType "swiss"]
[EventRounds "7"]
[EventCountry "GER"]
[SourceTitle "EXT 2022"]
[Source "ChessBase"]
[SourceDate "2021.10.06"]
[SourceVersion "1"]
[SourceVersionDate "2021.10.06"]
[SourceQuality "1"]

1. e4 g6 2. d4 Bg7 3. Nf3 d6 4. Bc4 Nf6 5. Qe2 c6 6. Bb3 Bg4 7. 0-0 0-0 8. Nbd2 a5 9. a4 d5 10. e5 Nfd7 11. h3 Bxf3 12. Nxf3 e6 13. Bg5 Qb6 14. Qe3 c5 15. dxc5 Qxc5 16. Qf4 Nc6 17. Bf6 Qb4 18. Qxb4 axb4 19. Bxg7 Kxg7 20. Rfe1 Nc5 21. Nd2 Nd4 22. Reb1 b6 23. f3 Rfc8 24. Kf2 Nd7 25. f4 Nxc2 26. Ra2 Nd4 27. Bd1 h5 28. g4 hxg4 29. hxg4 Rh8 30. Ke3 Nc6 31. Raa1 Nc5 32. Bf3 Rh2 33. f5 Nxe5 34. fxe6 fxe6 35. b3 Rf8 36. Be2 Rff2 37. Re1 d4+ 38. Kxd4 Rxe2 39. a5 Nc6+ 40. Kc4 Nxa5+ 0-1